000 00421 a2200133 4500
005 20250515122610.0
020 _a9987 25 046 7
082 _aLECT 336.2 WHY
245 _aWhy Pay Tax?
260 _aDar es Salaam,
_bTEMA Publishers Company Ltd,
_c2009.
300 _axiv, 338p.: ill.; figure, table.
_bBibliography.
_c24cm.
700 _aMALIYAMKONO, T. L., MASON, H., NDUNGURU, A., OSORO, N. E & RYDER, A.
942 _2ddc
_cBKS
999 _c2302
_d2302